000 00470nam a2200181Ia 4500
005 20240830021720.0
008 240331s9999 xx 000 0 und d
020 _a817304559
082 _bSRA
_a792
100 _aSrampickal, J
245 0 _aVoice to the Voiceless :
_bThe power of people's theatre in India
260 _aNew Delhi
_bManohar Publications
_c1994
300 _axii, 273 p .,
650 _aTheatre
650 _aSocial
650 _aSociety
942 _cL
999 _c3100
_d3100